Nul n'est parfait - La Reine des Neiges (Paroles) - Statistiques

Statistiques générales
  • Ce quiz a été pris 137 fois
  • Le résultat moyen est 305 sur 380
Statistiques - réponses
Paroles % Correct
a
96%
à
96%
ce
95%
Ce
95%
est
95%
il
95%
Il
95%
la
95%
95%
La
95%
le
95%
Le
95%
se
95%
de
94%
et
94%
Et
94%
parfait
94%
pas
92%
que
92%
Que
92%
un
92%
les
91%
Les
91%
ne
91%
peu
91%
qui
91%
ça
90%
Ça
90%
ces
90%
du
90%
qu'il
90%
Pour
88%
pour
88%
Sa
88%
au
87%
Mais
87%
mais
87%
moins
87%
Ou
87%
ou
87%
peut
87%
son
87%
Son
87%
bien
86%
C'est
86%
c'est
86%
des
85%
on
85%
On
85%
d'un
83%
mauvais
83%
parce
83%
pieds
83%
Elle
82%
Est-ce
82%
lui
82%
peur
82%
peut-être
82%
si
82%
caractère
81%
marche
81%
n'est
81%
nul
81%
travers
81%
vous
81%
l'amour
79%
L'amour
79%
pipi
79%
Tout
79%
tout
79%
aime
78%
attend
78%
bois
78%
en
78%
fiancé
78%
laver
78%
odeur
78%
pluie
78%
servent
78%
d'amour
77%
faire
77%
fond
77%
plus
77%
beau
76%
drôle
76%
garçon
76%
n'a
76%
Oui
76%
sera
76%
bague
74%
dans
74%
nous
74%
petit
74%
qu'elle
74%
vrai
74%
amis
73%
attentionné
73%
fait
73%
fort
73%
gros
73%
l'air
73%
parfaite
73%
personne
73%
Pourquoi
73%
pourquoi
73%
presque
73%
rend
73%
très
73%
connaît
72%
d'aussi
72%
quand
72%
roi
72%
s'arranger
72%
sûr
72%
avances
71%
choix
71%
drôles
71%
fiancée
71%
meilleur
71%
passion
71%
peureux
71%
qu'on
71%
raffiné
71%
sentiment
71%
suffit
71%
tendre
71%
tous
71%
aux
69%
blondinet
69%
plein
69%
secrets
69%
triste
69%
autres
68%
l'envers
68%
perturbé
68%
réglé
68%
cerveau
67%
Dites
67%
toute
67%
vague
67%
cache
65%
d'autant
65%
laid
65%
cerfs
64%
changer
64%
Donnons
64%
jour
64%
poires
64%
qu'un
64%
bonté
63%
chamboulée
63%
devenir
63%
Ici-bas
63%
pourra
63%
trouvez
63%
faut
62%
rendra
62%
reste
62%
N'essayez
60%
parfaits
60%
père
60%
refusez-vous
60%
besoin
59%
frère
59%
savons
59%
Débarassons-nous
58%
uns
58%
humilité
56%
meilleurs
56%
sœur
56%
Cette
55%
gens
55%
sommes
55%
câlins
54%
fassiez
54%
Chacun
53%
compte
53%
jusqu'a
53%
premier
53%
rôle
53%
serait
53%
Sinon
53%
trois
53%
Allez
51%
l'habitude
50%
l'âme
49%
solitude
49%
d'attitude
46%
puces
45%
l'aiment
42%
poux
38%
comme
31%
charmand
27%
court
27%
l'arbre
26%
Aucun quiz correspondant
Distribution des résultats
% des personnes avec chaque résultat
Percentile par nombre de réponses
Votre historique - résultats
Vous n’avez pas pris ce quiz